| 000 | 01901nam a2200277 a 4500 | ||
|---|---|---|---|
| 090 |
_aIAVH _b00605 |
||
| 041 | _aspa | ||
| 100 |
_aCaicedo Rosales, Paula Catalina _992427 |
||
| 245 | _aPropuestas metodológicas para la evaluación de la eficacia biológica de las herramientas de manejo del paisaje implementadas en la cuenca media del río Barbas y la cuenca media del río Chambery, utilizando a las aves como grupo indicador | ||
| 260 |
_aBogotá _bInstituto Alexander von Humboldt _c2006 |
||
| 300 | _a26 p. | ||
| 520 | _aEsta propuesta busca evaluar la relación entre las comunidades de aves y el desarrollo de las etapas sucesionales en las áreas en donde se han establecido faenas de revegetalización. Para ello se realizó el monitoreo de la comunidad de aves a través del tiempo y en diferentes tipos de hábitat, los cuales conforman la estructura de los corredores en formación. De esta manera se pudo documentar el proceso de colonización de las especies de aves de bosque hacia zonas revegetalizadas. Los resultados de esta investigación permitirán proponer otras estrategias de monitoreo a nivel poblacional, de uso de hábitat y movimiento que serán un insumo para planeaciones de mejoramiento de las estructuras de los corredores con respecto a los requerimientos de las especies de aves. | ||
| 650 |
_aConservación y Uso Sostenible de Biodiversidad en Paisajes _992428 |
||
| 650 |
_aCuencas hidrográficas _992255 |
||
| 650 |
_aAves _992429 |
||
| 650 |
_aComunidades _992430 |
||
| 650 |
_aIndicadores biológicos _94493 |
||
| 650 |
_aCorredores biológicos _992432 |
||
| 650 |
_aConectividad biológica _992433 |
||
| 650 |
_aPaisajes rurales _92419 |
||
| 650 |
_aDiseminación _984271 |
||
| 662 |
_aColombia _cRío Barbas _dAranzazu _bCaldas |
||
| 662 |
_aColombia _cRío Chambery _dCaldas |
||
| 662 |
_aColombia _cReserva Forestal Bremen _dCaldas |
||
| 945 | _d2007-08-15 | ||
| 999 |
_c6112 _d6112 |
||